Premarital education addressing premarital sex in the district of Ambohijafy, Madagascar / (Record no. 25093)

MARC details
000 -LEADER
fixed length control field 00675nam a22001817a 4500
003 - CONTROL NUMBER IDENTIFIER
control field AUA.1
005 - DATE AND TIME OF LATEST TRANSACTION
control field 20251105105640.0
008 - FIXED-LENGTH DATA ELEMENTS--GENERAL INFORMATION
fixed length control field 250627b |||||||| |||| 00| 0 eng d
040 ## - CATALOGING SOURCE
Transcribing agency JTL
100 ## - MAIN ENTRY--PERSONAL NAME
Personal name Davidra, Harsha Niaina
245 ## - TITLE STATEMENT
Title Premarital education addressing premarital sex in the district of Ambohijafy, Madagascar /
Statement of responsibility, etc Harsha Niaina Davidra
260 ## - PUBLICATION, DISTRIBUTION, ETC. (IMPRINT)
Date of publication, distribution, etc c2023
300 ## - PHYSICAL DESCRIPTION
Extent ix, 79 leaves
Other physical details Illustrations
Dimensions 30cm
610 ## - SUBJECT ADDED ENTRY--CORPORATE NAME
Corporate name or jurisdiction name as entry element Seventh-day Adventist Church :
Subordinate unit Central Malagasy Conference
General subdivision Ambohijafy District
Geographic subdivision Madagascar
650 ## - SUBJECT ADDED ENTRY--TOPICAL TERM
Topical term or geographic name as entry element Marriage counseling
650 ## - SUBJECT ADDED ENTRY--TOPICAL TERM
Topical term or geographic name as entry element Premarital sex
9 (RLIN) 14546
942 ## - ADDED ENTRY ELEMENTS (KOHA)
Source of classification or shelving scheme Library of Congress Classification
Koha item type Project
Classification part MA PTh
Item part .D38 2023
Holdings
Withdrawn status Lost status Source of classification or shelving scheme Damaged status Not for loan Collection code Home library Current library Shelving location Date acquired Source of acquisition Cost, normal purchase price Serial Enumeration / chronology Total Checkouts Full call number Barcode Date last seen Cost, replacement price Price effective from Koha item type
    Library of Congress Classification     JTL Research Collection Judith Thomas Library Judith Thomas Library Judith Thomas Library Research Section 27/06/2025 Theological Seminary 25.00 AUA27932   MA PTh .D38 2023 AUA27932 27/06/2025 25.00 27/06/2025 Project